000 00489cam a2200193ua 4500
020 _a0-85950-024-1
_c5.50
041 _aeng
_h
082 _a519
_bBOS/AP
100 _aBostock, L .
245 _aApplied mathematics, Vol 2 /
_cL Bostock.
_hTextual Documents
250 _a1 /
_b.
260 _aChelternham :
_bStanley Thornes Publishers Ltd ,
_c1984.
300 _a379 ; .
365 _a5.50
504 _a
700 1 _aChandler, S .
942 _cBK
999 _c9836
_d9836